| 000 | 01067nam a2200313 i 4500 | ||
|---|---|---|---|
| 003 | EG-GICUC | ||
| 005 | 20260414145457.0 | ||
| 008 | 260414s1873 fr ||||fr|||| 00| 0 fre d | ||
| 040 |
_aEG-GiCUC _bfre _cEG-GiCUC _dEG-GiCUC _eRda |
||
| 041 | 0 | _afre | |
| 082 | 0 | 4 |
_221 _a343 _bAD . T |
| 092 | 0 | 4 | _221 |
| 099 | _aLaw1 10 343 AD . T 5 ed - 1873 | ||
| 100 | 1 | 0 |
_aAdolphe, M.chauveau _eAuteur |
| 245 | 1 | 0 |
_aTheorie Du Code Penal / _cM. Chauveau Adolphe,m. Faustin Helie. |
| 250 |
_aCinquieme Edition _bEentierement Revue Et Consiterablement Augmente |
||
| 264 | 1 |
_aParis : _bImprimerie Et Librairie Generale De Jurisbrudence, _c1873. |
|
| 300 |
_a563 page : _billustration ; _c 24 cm. |
||
| 336 |
_2rda contenu _a texte |
||
| 337 |
_2rda medias _aOrdinateur |
||
| 338 |
_2 transporteur rda _a Ressource en ligne |
||
| 546 | _aTexte en français | ||
| 650 | 1 | 4 |
_aDroit pénal _2qrmak |
| 651 | 1 | _2qrmak | |
| 700 | 1 |
_aHelie, M.chauveau _eAuteur |
|
| 856 | 4 | 0 | _uhttps://fll.law.cu.edu.eg/fulltext/bks/B10-09554.pdf |
| 905 |
_a163 _eYara |
||
| 942 |
_2ddc _cBK _e21 _n0 |
||
| 999 |
_c70948 _d70948 |
||